000 01519cem a22003614a 4500
001 13162206
005 20170105102914.0
007 aj canzn
008 030414s2003 enk e 1 eng
010 _a 2003055009
_z 2003048217
020 _a0333994035 (hbk.)
020 _a0333994043 (pbk.)
034 0 _aa
040 _aDLC
_cDLC
_dDLC
042 _apcc
050 0 0 _aG1035
_b.S9 2003
052 _a3201
_bS73
082 0 0 _a909.82/5/0223
_221
100 1 _aSwift, John,
_d1957-
245 1 4 _aThe Palgrave concise historical atlas of the Cold War /
_cJohn Swift.
255 _aScales differ.
260 _aHoundmills, Basingstoke, Hampshire ;
_aNew York :
_bPalgrave Macmillan,
_c2003.
300 _a1 atlas (1 v. (various pagings)) :
_bcol. maps ;
_c25 cm.
504 _aIncludes bibliographical references (p. 111-112) and index.
650 0 _aCold War
_vMaps.
650 0 _aHistorical geography
_vMaps.
856 4 2 _3Contributor biographical information
_uhttp://www.loc.gov/catdir/bios/hol053/2003055009.html
856 4 2 _3Publisher description
_uhttp://www.loc.gov/catdir/description/hol041/2003055009.html
856 4 1 _3Table of contents
_uhttp://www.loc.gov/catdir/toc/hol041/2003055009.html
906 _a7
_bcbc
_corignew
_d1
_eocip
_f20
_gy-geogmaps
942 _2ddc
_cBK
999 _c15249
_d15249